Bài tập Sinh học 9

Gardado en:
Detalles Bibliográficos
Autor Principal: Vũ, Đức Lưu
Formato: Libro
Idioma:Undetermined
Publicado: Hà Nội Giáo dục 2009
Các nhãn: Engadir etiqueta
Sen Etiquetas, Sexa o primeiro en etiquetar este rexistro!
Thư viện lưu trữ: Trung tâm Học liệu Trường Đại học Cần Thơ
LEADER 00524nam a2200181Ia 4500
001 CTU_158089
008 210402s9999 xx 000 0 und d
020 |c 8700 
082 |a 570.712 
082 |b L566/L.9 
100 |a Vũ, Đức Lưu 
245 0 |a Bài tập Sinh học 9 
245 0 |c Vũ Đức Lưu ( chủ biên), Nguyễn Văn Tư 
260 |a Hà Nội 
260 |b Giáo dục 
260 |c 2009 
904 |i Phan Thị Kim Lan 
980 |a Trung tâm Học liệu Trường Đại học Cần Thơ